La Filmographie de Meryl Streep - Statistiques

Statistiques générales
  • Ce quiz a été pris 97 fois
    63 depuis la dernière actualisation
  • Le résultat moyen est 13 sur 64
Statistiques - réponses
Année Film % Correct
2006 Le diable s'habille en Prada
87%
2008 Mamma Mia!
72%
2018 Mamma Mia! Here we go again
72%
1985 Out of Africa: Souvenirs d'Afrique
69%
1979 Kramer contre Kramer
67%
1995 Sur la route de Madison
66%
2011 La dame de fer
62%
1982 Le choix de Sophie
62%
2017 Pentagon Papers
52%
2001 A.I. Intelligence artificielle
49%
2014 Into the woods: promenons-nous dans les bois
39%
1978 Voyage au bout de l'enfer
39%
1992 La mort vous va si bien
33%
2013 Un été à Osage County
31%
1977 Julia
28%
2002 The hours
28%
2020 The Prom
28%
2016 Florence Foster Jenkins
23%
1979 Manhattan
23%
1988 Un cri dans la nuit
23%
2018 Le retour de Mary Poppins
21%
2009 Pas si simple
21%
2009 Julie & Julia
20%
1981 La maîtresse du lieutenant français
18%
1994 La rivière sauvage
18%
1986 La brûlure
15%
2007 Lions et agneaux
15%
2008 Doute
13%
1984 Falling in love
13%
1987 Ironweed
13%
1999 La musique de mon coeur
13%
2015 Les suffragettes
13%
2005 Petites confidences (à ma psy)
13%
2015 Ricki and the flash
13%
1983 Le mystère Silkwood
11%
2002 Adaptation
10%
1998 Contre-Jour
10%
2009 Fantastic Mr. Fox
10%
2019 The Laundromat
10%
1996 Le poids du déshonneur
8%
2019 Les quatre filles du docteur March
8%
1996 Simples secrets
8%
2014 The giver
8%
2012 Tous les espoirs sont permis
8%
1989 She-Devil, la diable
7%
2008 Détention secrète
5%
1993 La maison aux esprits
5%
1982 La mort aux enchères
5%
1991 Rendez-vous au paradis
5%
2014 The homesman
5%
2006 The last show
5%
1990 Bon baisers d'Hollywood
3%
2008 Dark matter
3%
2008 Le temps d'un été
3%
1985 Plenty
3%
2004 Un crime dans la tête
3%
2003 Deux en un
2%
1975 Everybody rides
2%
1979 La vie privée d'un sénateur
2%
1998 Les moissons d'Irlande
2%
2006 Lucas, fourmi malgré lui
2%
2004 Les désastreuses aventures des orphelins de Baudelair
0%
2008 The magic 7
0%
2006 The music of regret
0%
Aucun quiz correspondant
Distribution des résultats
% des personnes avec chaque résultat
Percentile par nombre de réponses
Votre historique - résultats
Vous n’avez pas pris ce quiz depuis la dernière actualisation